| 000 | 00581nam a22002055i 4500 | ||
|---|---|---|---|
| 001 | 54088 | ||
| 003 | ES-MaACL | ||
| 005 | 20250912063039.0 | ||
| 007 | t| | ||
| 008 | 960711s1900 it ||||1| ita d | ||
| 040 |
_aCAM _bspa _cCAM |
||
| 100 | 1 |
_aFerri, Enrico, _d1856-1929 _950564 |
|
| 245 | 1 | 0 |
_aSociología criminale / _cEnrico Ferri. |
| 250 | _a4ª ed. | ||
| 260 |
_aTorino : _bFratelli Bocca editori, _c1900. |
||
| 300 |
_aXVI, 999 p., [3] h. pleg. ; _c25 cm. |
||
| 650 | 0 | 4 |
_aSociologia criminal. _917203 |
| 852 |
_aES-MaACL _jF-9890 |
||
| 999 |
_c54088 _d54088 |
||